| 000 | 00461nam a2200157Ia 4500 | ||
|---|---|---|---|
| 008 | 230907s9999||||xx |||||||||||||| ||und|| | ||
| 082 |
_a621.3 _bUMA |
||
| 100 |
_aUmair Liaqat (00000278036) _9116744 |
||
| 245 | 0 | _aClustering Based Energy Management of Smart Buildings / | |
| 260 |
_aUSPCAS-E, NUST, _bIslamabad : _c2022 |
||
| 300 | _axiv, 61 p. | ||
| 520 | _aTH-412 | ||
| 650 | _aMS-EEP Thesis MS Thesis | ||
| 700 | _aDr Muhammad Yousif | ||
| 942 |
_cTHE _2ddc |
||
| 999 |
_c602090 _d602090 |
||